[Event "Medicine Hat op"]
[Site "Medicine Hat CAN"]
[Date "2000.09.16"]
[Round "2"]
[White "Taylor, William"]
[Black "Yearwood, Roy"]
[Result "0-1"]
[WhiteElo "1977"]
[BlackElo "2241"]
[PlyCount "120"]
[GameId "2160767911644227"]
[EventDate "2000.09.16"]
[EventType "swiss"]
[EventRounds "5"]
[EventCountry "CAN"]

1. f4 d6 2. Nf3 f5 3. b3 Nf6 4. Bb2 g6 5. e3 Bg7 6. c4 O-O 7. Nc3 Nc6 8. a3 e5 9. fxe5 dxe5 10. Be2 e4 11. Ng5 Ng4 12. h4 Nge5 13. g3 Qd6 14. Rg1 Rd8 15. Nb5 Qe7 16. Nd4 Nd3+ 17. Bxd3 Bxd4 18. Bxd4 Nxd4 19. Be2 Nc6 20. b4 Ne5 21. Qb3 Nd3+ 22. Kf1 Be6 23. Qc3 h6 24. Nh3 Rd7 25. Rd1 Kh7 26. Rh1 Rad8 27. Nf4 Nxf4 28. gxf4 Qg7 29. Qc2 c5 30. b5 Qf7 31. Ke1 a6 32. a4 axb5 33. axb5 Ra8 34. Kf2 Qf6 35. Rb1 b6 36. Qb2 Qf7 37. Rhc1 Ra4 38. Qc3 Qg7 39. Qxg7+ Kxg7 40. Rc2 Kf6 41. Rg1 Ra3 42. Rb1 Rda7 43. Rbc1 R7a4 44. Ke1 g5 45. hxg5+ hxg5 46. fxg5+ Kxg5 47. Kf2 Ra2 48. Rg1+ Kf6 49. Rgc1 R4a3 50. Bf1 Ke5 51. Bh3 Bf7 52. Bf1 f4 53. exf4+ Kxf4 54. Be2 Rxc2 55. Rxc2 Ke5 56. Rc1 Kd4 57. Bf1 Ra2 58. Ke1 Ra4 59. Rc3 Bxc4 60. Bxc4 Rxc4 0-1

[Event "Medicine Hat op"]
[Site "Medicine Hat CAN"]
[Date "2000.09.17"]
[Round "4"]
[White "Taylor, William"]
[Black "Lactin, Derek"]
[Result "1/2-1/2"]
[WhiteElo "1977"]
[BlackElo "1705"]
[PlyCount "66"]
[GameId "2160767911644228"]
[EventDate "2000.09.16"]
[EventType "swiss"]
[EventRounds "5"]
[EventCountry "CAN"]

1. f4 g6 2. Nf3 Bg7 3. c4 Nf6 4. Nc3 d5 5. e3 c5 6. cxd5 Nxd5 7. Bb5+ Bd7 8. Qb3 Nxc3 9. bxc3 O-O 10. Bxd7 Qxd7 11. Ba3 Qc7 12. Qd5 Na6 13. f5 Qa5 14. Bb2 Qb5 15. Rb1 Rad8 16. Qe4 Qd3 17. Qxd3 Rxd3 18. Ke2 Rfd8 19. fxg6 hxg6 20. c4 b6 21. Bxg7 Kxg7 22. Rb3 Nb4 23. Ra1 Rxb3 24. axb3 a5 25. d4 cxd4 26. exd4 Nc2 27. Rd1 e6 28. Rd2 Nb4 29. Ke3 a4 30. bxa4 Ra8 31. Ne5 Rxa4 32. Nd7 b5 33. c5 Nd5+ 1/2-1/2

[Event "Mike Shpan mem."]
[Site "Winnipeg CAN"]
[Date "2000.11.07"]
[Round "1"]
[White "Khedkar, Jay S"]
[Black "Pottinger, Carl"]
[Result "1-0"]
[WhiteElo "1984"]
[BlackElo "1523"]
[PlyCount "93"]
[GameId "2160767911635742"]
[EventDate "2000.11.07"]
[EventType "swiss"]
[EventRounds "6"]
[EventCountry "CAN"]
[SourceTitle "EXT 2003"]
[Source "ChessBase"]
[SourceDate "2002.11.25"]
[SourceVersion "1"]
[SourceVersionDate "2002.11.25"]
[SourceQuality "1"]

1. e4 e6 2. d4 d5 3. Nd2 dxe4 4. Nxe4 b6 5. Nf3 Bb7 6. Bd3 Be7 7. O-O Nf6 8. Qe2 O-O 9. Rd1 Nbd7 10. c4 Re8 11. b3 Nxe4 12. Bxe4 Bxe4 13. Qxe4 Bf6 14. Bf4 Rc8 15. Rac1 Qe7 16. Ne5 Bxe5 17. dxe5 c6 18. Rd6 Nb8 19. Rcd1 a5 20. c5 b5 21. a3 Qb7 22. b4 a4 23. Qd3 Qe7 24. Qg3 Na6 25. Qf3 Nb8 26. R1d3 Rf8 27. Qe4 f5 28. Qe2 Rf7 29. Qa2 Re8 30. Qd2 Rff8 31. Rg3 Kh8 32. Bg5 Qf7 33. Rgd3 Qc7 34. Bd8 Qf7 35. f4 h6 36. Bb6 Qe7 37. Qd1 Kh7 38. Qh5 g6 39. Qf3 Rc8 40. Qd1 Rf7 41. Bd8 Qe8 42. Bf6 Rf8 43. Rd8 Rxd8 44. Rxd8 Qf7 45. Qd6 Rxd8 46. Qxd8 Qg8 47. Qe7+ 1-0

[Event "Mike Shpan mem."]
[Site "Winnipeg CAN"]
[Date "2000.11.07"]
[Round "1"]
[White "Tetrault, Charles"]
[Black "Czypinski, Jaroslaw"]
[Result "0-1"]
[WhiteElo "1528"]
[BlackElo "2001"]
[PlyCount "62"]
[GameId "2160767911635744"]
[EventDate "2000.11.07"]
[EventType "swiss"]
[EventRounds "6"]
[EventCountry "CAN"]
[SourceTitle "EXT 2003"]
[Source "ChessBase"]
[SourceDate "2002.11.25"]
[SourceVersion "1"]
[SourceVersionDate "2002.11.25"]
[SourceQuality "1"]

1. e4 d5 2. exd5 Nf6 3. d4 Bg4 4. Nf3 Qxd5 5. c4 Qd6 6. Be2 Nc6 7. Nc3 e6 8. Bg5 Be7 9. Nb5 Qd7 10. O-O a6 11. Nc3 h6 12. Bh4 O-O 13. d5 exd5 14. cxd5 Bxf3 15. Bxf3 Ne5 16. Re1 Ng6 17. Bg3 Bd6 18. Bxd6 Qxd6 19. Qb3 Rab8 20. g3 Ne5 21. Bg2 Rfe8 22. Rad1 Re7 23. Ne4 Nxe4 24. Rxe4 Ng6 25. Rb4 Rbe8 26. Rxb7 Re1+ 27. Rxe1 Rxe1+ 28. Bf1 Qe7 29. Qc3 Qe2 30. Kg2 Qxf1+ 31. Kf3 Ne5+ 0-1

[Event "Mike Shpan mem."]
[Site "Winnipeg CAN"]
[Date "2000.11.07"]
[Round "1"]
[White "Trueman, Francis"]
[Black "Schulz, Manfred"]
[Result "0-1"]
[WhiteElo "1455"]
[BlackElo "1942"]
[PlyCount "60"]
[GameId "2160767911635745"]
[EventDate "2000.11.07"]
[EventType "swiss"]
[EventRounds "6"]
[EventCountry "CAN"]
[SourceTitle "EXT 2003"]
[Source "ChessBase"]
[SourceDate "2002.11.25"]
[SourceVersion "1"]
[SourceVersionDate "2002.11.25"]
[SourceQuality "1"]

1. Nf3 Nf6 2. d3 d5 3. Nbd2 c6 4. g3 Bf5 5. Bg2 Nbd7 6. O-O e6 7. Re1 Be7 8. e4 dxe4 9. dxe4 Bg4 10. Qe2 Ne5 11. b3 Qc7 12. Nc4 Nxf3+ 13. Bxf3 Bxf3 14. Qxf3 e5 15. Bb2 Nd7 16. Rad1 b5 17. Qg4 bxc4 18. bxc4 g6 19. Bc3 Nf6 20. Qe2 O-O 21. Rd3 Rad8 22. Rf3 Qd6 23. Rb1 Rd7 24. Rd3 Qe6 25. Rxd7 Nxd7 26. Rb7 Bc5 27. Qd3 Nf6 28. Rc7 Ng4 29. Qf3 Nxf2 30. Kg2 Qh3+ 0-1

[Event "Mike Shpan mem."]
[Site "Winnipeg CAN"]
[Date "2000.11.14"]
[Round "2"]
[White "Czarny, Keith"]
[Black "Haapamaki, Eric"]
[Result "1/2-1/2"]
[WhiteElo "1674"]
[BlackElo "1768"]
[PlyCount "63"]
[GameId "2160767911635746"]
[EventDate "2000.11.07"]
[EventType "swiss"]
[EventRounds "6"]
[EventCountry "CAN"]
[SourceTitle "EXT 2003"]
[Source "ChessBase"]
[SourceDate "2002.11.25"]
[SourceVersion "1"]
[SourceVersionDate "2002.11.25"]
[SourceQuality "1"]

1. Nf3 Nf6 2. g3 d5 3. Bg2 g6 4. O-O Bg7 5. d4 O-O 6. c4 c6 7. Nc3 dxc4 8. e4 Nbd7 9. Bf4 Nb6 10. Qd2 Re8 11. h3 e6 12. Bg5 Qc7 13. e5 Nfd5 14. Ne4 Nd7 15. Bh6 f6 16. exf6 N7xf6 17. Nxf6+ Nxf6 18. Rfe1 Bd7 19. Bxg7 Kxg7 20. Ne5 Rad8 21. Qf4 Bc8 22. Nxg6 Qxf4 23. Nxf4 Rxd4 24. Rad1 Rxd1 25. Rxd1 Nd5 26. Ne2 Kf6 27. Rd4 b5 28. Rh4 Re7 29. Nd4 Bd7 30. Be4 e5 31. Nxb5 cxb5 32. Bxd5 1/2-1/2

[Event "Mike Shpan mem."]
[Site "Winnipeg CAN"]
[Date "2000.11.14"]
[Round "2"]
[White "Czypinski, Jaroslaw"]
[Black "Greenberg, Harley"]
[Result "1-0"]
[WhiteElo "2001"]
[BlackElo "1700"]
[PlyCount "52"]
[GameId "2160767911635747"]
[EventDate "2000.11.07"]
[EventType "swiss"]
[EventRounds "6"]
[EventCountry "CAN"]
[SourceTitle "EXT 2003"]
[Source "ChessBase"]
[SourceDate "2002.11.25"]
[SourceVersion "1"]
[SourceVersionDate "2002.11.25"]
[SourceQuality "1"]

1. e4 c5 2. d4 cxd4 3. c3 dxc3 4. Nxc3 Nc6 5. Nf3 d6 6. Bc4 e6 7. O-O Be7 8. Qe2 Nf6 9. Rd1 e5 10. Be3 O-O 11. Rac1 Kh8 12. Ng5 Kg8 13. h3 Na5 14. Bd3 Nd5 15. exd5 Bxg5 16. b4 f5 17. Bxg5 Qxg5 18. bxa5 e4 19. Bb1 Bd7 20. Nb5 e3 21. Nxd6 exf2+ 22. Qxf2 Rf6 23. Nxb7 f4 24. Rc3 Raf8 25. Nc5 Qh5 26. Qf3 Bxh3 1-0

[Event "Mike Shpan mem."]
[Site "Winnipeg CAN"]
[Date "2000.11.21"]
[Round "3"]
[White "Haapamaki, Eric"]
[Black "Schulz, Waldemar"]
[Result "0-1"]
[WhiteElo "1768"]
[BlackElo "2034"]
[PlyCount "114"]
[GameId "2160767911635750"]
[EventDate "2000.11.07"]
[EventType "swiss"]
[EventRounds "6"]
[EventCountry "CAN"]
[SourceTitle "EXT 2003"]
[Source "ChessBase"]
[SourceDate "2002.11.25"]
[SourceVersion "1"]
[SourceVersionDate "2002.11.25"]
[SourceQuality "1"]

1. e4 c5 2. Nf3 e6 3. d4 cxd4 4. Nxd4 Nf6 5. Nc3 d6 6. Bc4 Qc7 7. Bb3 a6 8. a4 Nc6 9. O-O Be7 10. Be3 O-O 11. f4 Re8 12. f5 Bd8 13. Bf2 Na5 14. Ba2 Nc4 15. Bxc4 Qxc4 16. fxe6 Bxe6 17. Nxe6 Rxe6 18. Qd3 Rc8 19. Rad1 Ba5 20. Bd4 Qxd3 21. cxd3 Ng4 22. Rc1 Bxc3 23. Bxc3 Ree8 24. Bb4 Ne5 25. Rcd1 Red8 26. Rf5 f6 27. Bc3 Kf7 28. h3 Ke6 29. Rf2 d5 30. exd5+ Rxd5 31. Re2 Rcd8 32. Rde1 Kf7 33. Bxe5 Rxe5 34. Rxe5 fxe5 35. Rxe5 Rxd3 36. Kf2 Rb3 37. Re2 Rb4 38. Rc2 Kf6 39. Rd2 Rxa4 40. Rd6+ Kf5 41. Rb6 h5 42. g3 g5 43. Rxb7 Rc4 44. Re7 Rb4 45. Re2 Rb3 46. Kg2 a5 47. Kf2 a4 48. Kg2 Rb5 49. Kf2 h4 50. gxh4 gxh4 51. Rc2 Rb4 52. Re2 Kf4 53. Kg2 Re4 54. Rc2 Ke3 55. Kh1 Kd3 56. Rc3+ Kd2 57. Kg2 Rb4 0-1

[Event "Mike Shpan mem."]
[Site "Winnipeg CAN"]
[Date "2000.11.21"]
[Round "3"]
[White "Hanrahan, Nigel"]
[Black "Trueman, Francis"]
[Result "1-0"]
[WhiteElo "1731"]
[BlackElo "1455"]
[PlyCount "61"]
[GameId "2160767911635751"]
[EventDate "2000.11.07"]
[EventType "swiss"]
[EventRounds "6"]
[EventCountry "CAN"]
[SourceTitle "EXT 2003"]
[Source "ChessBase"]
[SourceDate "2002.11.25"]
[SourceVersion "1"]
[SourceVersionDate "2002.11.25"]
[SourceQuality "1"]

1. c4 e5 2. g3 Nf6 3. Bg2 d6 4. Nc3 Nbd7 5. e4 g6 6. d3 Bg7 7. Bg5 h6 8. Be3 O-O 9. h3 Re8 10. Qd2 h5 11. Bh6 c6 12. Bxg7 Kxg7 13. Nge2 Nf8 14. g4 hxg4 15. hxg4 N6h7 16. Qh6+ Kh8 17. f3 f6 18. O-O-O Be6 19. Rh2 Rc8 20. Rdh1 Bg8 21. f4 b5 22. f5 g5 23. Ng3 Rc7 24. Nh5 Rf7 25. cxb5 cxb5 26. Nd5 Nd7 27. Kb1 Ref8 28. Rc1 Nc5 29. Bf1 Qa5 30. b4 Qxa2+ 31. Rxa2 1-0

[Event "Mike Shpan mem."]
[Site "Winnipeg CAN"]
[Date "2000.11.21"]
[Round "3"]
[White "Khedkar, Jay S"]
[Black "Czarny, Keith"]
[Result "1-0"]
[WhiteElo "1984"]
[BlackElo "1674"]
[PlyCount "69"]
[GameId "2160767911635752"]
[EventDate "2000.11.07"]
[EventType "swiss"]
[EventRounds "6"]
[EventCountry "CAN"]
[SourceTitle "EXT 2003"]
[Source "ChessBase"]
[SourceDate "2002.11.25"]
[SourceVersion "1"]
[SourceVersionDate "2002.11.25"]
[SourceQuality "1"]

1. e4 Nf6 2. e5 Nd5 3. d4 d6 4. Nf3 Bg4 5. Be2 dxe5 6. Nxe5 Bxe2 7. Qxe2 e6 8. O-O Bd6 9. c4 Nf6 10. Nc3 O-O 11. Bg5 Be7 12. Rad1 c6 13. f4 h6 14. Bh4 Nbd7 15. Kh1 Nh7 16. Bf2 Ndf6 17. Be3 Qc7 18. f5 c5 19. fxe6 fxe6 20. Ng6 Rf7 21. Bf4 Qc8 22. Nxe7+ Rxe7 23. dxc5 e5 24. Nd5 Nxd5 25. Rxd5 e4 26. Bd6 Re8 27. Rdf5 Qc6 28. Rf7 Ng5 29. Rc7 Qa4 30. h4 Nf3 31. gxf3 exf3 32. Qxf3 Qxc4 33. Rxg7+ Kxg7 34. Rg1+ Kh7 35. Qf5+ 1-0

[Event "Mike Shpan mem."]
[Site "Winnipeg CAN"]
[Date "2000.11.21"]
[Round "3"]
[White "Schulz, Manfred"]
[Black "Proulx, Roy"]
[Result "1-0"]
[WhiteElo "1942"]
[BlackElo "1675"]
[PlyCount "38"]
[GameId "2160767911635753"]
[EventDate "2000.11.07"]
[EventType "swiss"]
[EventRounds "6"]
[EventCountry "CAN"]
[SourceTitle "EXT 2003"]
[Source "ChessBase"]
[SourceDate "2002.11.25"]
[SourceVersion "1"]
[SourceVersionDate "2002.11.25"]
[SourceQuality "1"]

1. e4 c5 2. Nf3 e6 3. Nc3 Nf6 4. d4 cxd4 5. Nxd4 Nc6 6. Ndb5 d6 7. Bf4 e5 8. Bg5 a6 9. Na3 b5 10. Nd5 Be7 11. Bxf6 Bxf6 12. c3 O-O 13. Nc2 Bg5 14. Be2 Be6 15. Nce3 Ne7 16. O-O Rc8 17. a4 f5 18. Nxe7+ Qxe7 19. Nxf5 d5 1-0

[Event "Mike Shpan mem."]
[Site "Winnipeg CAN"]
[Date "2000.11.28"]
[Round "4"]
[White "Barkman, Daniel"]
[Black "Hanrahan, Nigel"]
[Result "1-0"]
[WhiteElo "1576"]
[BlackElo "1731"]
[PlyCount "55"]
[GameId "2160767911635754"]
[EventDate "2000.11.07"]
[EventType "swiss"]
[EventRounds "6"]
[EventCountry "CAN"]
[SourceTitle "EXT 2003"]
[Source "ChessBase"]
[SourceDate "2002.11.25"]
[SourceVersion "1"]
[SourceVersionDate "2002.11.25"]
[SourceQuality "1"]

1. e4 c6 2. d4 d5 3. Nc3 dxe4 4. Nxe4 Nf6 5. Nxf6+ gxf6 6. Nf3 Bf5 7. Bc4 e6 8. O-O Qc7 9. Nh4 Bg6 10. Re1 Nd7 11. c3 O-O-O 12. Qf3 Bd6 13. h3 Nb6 14. Nxg6 hxg6 15. Bd3 f5 16. Bg5 Be7 17. Bf4 Bd6 18. Bg5 Rdg8 19. c4 Nd7 20. c5 Bf8 21. b4 f6 22. Bd2 e5 23. Bc4 Rh4 24. Bxg8 Rxd4 25. Rad1 e4 26. Qb3 Rd3 27. Bc3 Rxd1 28. Rxd1 1-0

[Event "Mike Shpan mem."]
[Site "Winnipeg CAN"]
[Date "2000.11.28"]
[Round "4"]
[White "Greenberg, Harley"]
[Black "Czarny, Keith"]
[Result "0-1"]
[WhiteElo "1700"]
[BlackElo "1674"]
[PlyCount "48"]
[GameId "2160767911635755"]
[EventDate "2000.11.07"]
[EventType "swiss"]
[EventRounds "6"]
[EventCountry "CAN"]
[SourceTitle "EXT 2003"]
[Source "ChessBase"]
[SourceDate "2002.11.25"]
[SourceVersion "1"]
[SourceVersionDate "2002.11.25"]
[SourceQuality "1"]

1. e4 e6 2. d4 d5 3. e5 c5 4. c3 Nc6 5. Ne2 cxd4 6. cxd4 Nge7 7. Bd2 Nf5 8. Bc3 Qb6 9. Na3 Bb4 10. Nc2 Ba5 11. g4 Nh4 12. Ng3 Qxb2 13. Bxa5 Nxa5 14. Qd3 Bd7 15. Nh5 Rc8 16. Nxg7+ Kf8 17. Nxe6+ fxe6 18. Qe3 Rxc2 19. Qh6+ Kg8 20. Qg5+ Ng6 21. Qd8+ Nf8 22. Qg5+ Kf7 23. Qf6+ Ke8 24. Rd1 Qc3+ 0-1

[Event "Mike Shpan mem."]
[Site "Winnipeg CAN"]
[Date "2000.11.28"]
[Round "4"]
[White "Proulx, Roy"]
[Black "Siegers, John"]
[Result "1-0"]
[WhiteElo "1675"]
[BlackElo "1650"]
[PlyCount "87"]
[GameId "2160767911635756"]
[EventDate "2000.11.07"]
[EventType "swiss"]
[EventRounds "6"]
[EventCountry "CAN"]
[SourceTitle "EXT 2003"]
[Source "ChessBase"]
[SourceDate "2002.11.25"]
[SourceVersion "1"]
[SourceVersionDate "2002.11.25"]
[SourceQuality "1"]

1. e4 e5 2. Nf3 Nc6 3. Bb5 d6 4. d4 exd4 5. Qxd4 Bd7 6. Bxc6 Bxc6 7. O-O Qf6 8. Qd3 Qg6 9. Nc3 Be7 10. Nd4 Nh6 11. Nxc6 bxc6 12. Qc4 O-O 13. Qxc6 Rfc8 14. f4 f5 15. Nd5 Bd8 16. Qc4 Kh8 17. e5 Bh4 18. b3 c6 19. Ne3 Bd8 20. Bb2 d5 21. Qd3 Bb6 22. Kh1 Qe6 23. Rf3 Bxe3 24. Qxe3 Rc7 25. Rd1 Ng4 26. Qc5 Qe7 27. Qd4 Qh4 28. h3 Rd8 29. Ba3 Re8 30. Bd6 Rd7 31. Qc5 Re6 32. Kg1 Nh6 33. Qxc6 Qd8 34. Qxd5 Qe8 35. c4 Nf7 36. c5 Nxd6 37. cxd6 Rg6 38. Rc3 h6 39. Rdc1 Kh7 40. Rc8 Rd8 41. d7 Rxd7 42. Qa8 Rxg2+ 43. Qxg2 Qe6 44. R8c6 1-0

[Event "Mike Shpan mem."]
[Site "Winnipeg CAN"]
[Date "2000.11.28"]
[Round "4"]
[White "Schulz, Manfred"]
[Black "Khedkar, Jay S"]
[Result "0-1"]
[WhiteElo "1942"]
[BlackElo "1984"]
[PlyCount "112"]
[GameId "2160767911635757"]
[EventDate "2000.11.07"]
[EventType "swiss"]
[EventRounds "6"]
[EventCountry "CAN"]
[SourceTitle "EXT 2003"]
[Source "ChessBase"]
[SourceDate "2002.11.25"]
[SourceVersion "1"]
[SourceVersionDate "2002.11.25"]
[SourceQuality "1"]

1. d4 d5 2. Nf3 Nf6 3. Bf4 Nbd7 4. e3 e6 5. Bd3 c5 6. c3 Be7 7. Nbd2 b6 8. h3 Bb7 9. O-O O-O 10. Ne5 Rc8 11. Qe2 Ne4 12. Nxd7 Qxd7 13. Nf3 f6 14. Rad1 cxd4 15. exd4 Bd6 16. Bxd6 Qxd6 17. Nd2 Qf4 18. Qf3 Qh4 19. Rfe1 f5 20. Qe2 Rf6 21. Nf3 Qh6 22. Ne5 Rc7 23. Qe3 g5 24. f3 Ng3 25. Qf2 Nh5 26. Bf1 Nf4 27. Nd3 Ng6 28. Ne5 Rg7 29. Qd2 Nf4 30. Nd3 Nh5 31. Ne5 Ng3 32. Qf2 Nxf1 33. Qxf1 g4 34. hxg4 fxg4 35. Qe2 g3 36. Qe3 Qh2+ 37. Kf1 Ba6+ 38. Nd3 Qh1+ 39. Qg1 Rxf3+ 40. Ke2 Qxg1 41. Rxg1 Rf2+ 42. Ke3 Bxd3 43. Rxd3 Rxb2 44. a4 Rg4 45. Rd2 Re4+ 46. Kd3 Rxd2+ 47. Kxd2 Rf4 48. Rb1 Rf2+ 49. Ke3 Rxg2 50. a5 bxa5 51. Ra1 Rc2 52. Kd3 Rb2 53. Rxa5 g2 54. Ra1 h5 55. Ke3 a5 56. Kf4 Rf2+ 0-1

[Event "Mike Shpan mem."]
[Site "Winnipeg CAN"]
[Date "2000.12.05"]
[Round "5"]
[White "Barkman, Daniel"]
[Black "Schulz, Manfred"]
[Result "0-1"]
[WhiteElo "1576"]
[BlackElo "1942"]
[PlyCount "32"]
[GameId "2160767911635758"]
[EventDate "2000.11.07"]
[EventType "swiss"]
[EventRounds "6"]
[EventCountry "CAN"]
[SourceTitle "EXT 2003"]
[Source "ChessBase"]
[SourceDate "2002.11.25"]
[SourceVersion "1"]
[SourceVersionDate "2002.11.25"]
[SourceQuality "1"]

1. e4 c6 2. d4 d5 3. Nc3 dxe4 4. Nxe4 Nf6 5. Nxf6+ gxf6 6. Nf3 Bf5 7. Bc4 e6 8. O-O Bd6 9. Re1 Qc7 10. c3 Nd7 11. d5 cxd5 12. Bxd5 O-O-O 13. Be4 Bg4 14. g3 Ne5 15. Be3 f5 16. Bxb7+ Qxb7 0-1

[Event "Mike Shpan mem."]
[Site "Winnipeg CAN"]
[Date "2000.12.05"]
[Round "5"]
[White "Czarny, Keith"]
[Black "Proulx, Roy"]
[Result "0-1"]
[WhiteElo "1674"]
[BlackElo "1675"]
[PlyCount "84"]
[GameId "2160767911635759"]
[EventDate "2000.11.07"]
[EventType "swiss"]
[EventRounds "6"]
[EventCountry "CAN"]
[SourceTitle "EXT 2003"]
[Source "ChessBase"]
[SourceDate "2002.11.25"]
[SourceVersion "1"]
[SourceVersionDate "2002.11.25"]
[SourceQuality "1"]

1. Nf3 d5 2. g3 Nf6 3. Bg2 Nbd7 4. d4 e6 5. O-O Bd6 6. Nc3 c6 7. Re1 Bc7 8. e3 O-O 9. Ne2 e5 10. dxe5 Nxe5 11. b3 Ne4 12. Bb2 Qf6 13. Bxe5 Bxe5 14. Rc1 Bg4 15. Nf4 Bc3 16. h3 Bxe1 17. Qxe1 Bxf3 18. Bxf3 Rae8 19. h4 b5 20. Rd1 Qb2 21. c4 bxc4 22. bxc4 dxc4 23. Rd4 Nxg3 24. fxg3 Qxd4 25. Ng2 Qc5 26. Qc3 a5 27. Be2 Re4 28. Bd3 Rg4 29. Kh2 Qd6 30. Bf1 Qxg3+ 31. Kh1 Qf3 32. Kg1 Re8 33. Kh2 Qg3+ 34. Kg1 Rxh4 35. Qb2 Rg4 36. Qd2 Rge4 37. Kh1 h5 38. a4 h4 39. Nf4 Rxe3 40. Qd4 Qf3+ 41. Bg2 Re1+ 42. Kh2 Qg3# 0-1

[Event "Mike Shpan mem."]
[Site "Winnipeg CAN"]
[Date "2000.12.05"]
[Round "5"]
[White "Hanrahan, Nigel"]
[Black "Haapamaki, Eric"]
[Result "0-1"]
[WhiteElo "1731"]
[BlackElo "1768"]
[PlyCount "88"]
[GameId "2160767911635760"]
[EventDate "2000.11.07"]
[EventType "swiss"]
[EventRounds "6"]
[EventCountry "CAN"]
[SourceTitle "EXT 2003"]
[Source "ChessBase"]
[SourceDate "2002.11.25"]
[SourceVersion "1"]
[SourceVersionDate "2002.11.25"]
[SourceQuality "1"]

1. c4 Nf6 2. g3 c6 3. Bg2 d5 4. cxd5 Nxd5 5. Nf3 g6 6. O-O Bg7 7. Nc3 O-O 8. Ng5 Nd7 9. Nge4 N7f6 10. Nc5 Qd6 11. Nd3 e5 12. Ne1 Be6 13. d4 Nxc3 14. bxc3 Rfd8 15. Bb2 c5 16. Ba3 exd4 17. cxd4 Qa6 18. Bxc5 Rac8 19. Nd3 b6 20. Nb4 Qa5 21. Be7 Rd7 22. Bxf6 Bxf6 23. Nc6 Qb5 24. Rb1 Qa6 25. Nb4 Qc4 26. e3 a5 27. Nd3 Qxa2 28. Rxb6 Bg7 29. Nc5 Rxc5 30. dxc5 Rxd1 31. Rxd1 Be5 32. c6 Qc2 33. Bf3 a4 34. Rbb1 Bb2 35. c7 a3 36. Rd8+ Kg7 37. Rbd1 Qxc7 38. Ra8 a2 39. Bd5 Bxd5 40. Rxd5 a1=Q+ 41. Rxa1 Bxa1 42. Rd1 Bf6 43. Rf1 Qc2 44. h4 h6 0-1

[Event "Mike Shpan mem."]
[Site "Winnipeg CAN"]
[Date "2000.12.05"]
[Round "5"]
[White "Schulz, Waldemar"]
[Black "Khedkar, Jay S"]
[Result "1-0"]
[WhiteElo "2034"]
[BlackElo "1984"]
[PlyCount "99"]
[GameId "2160767911635761"]
[EventDate "2000.11.07"]
[EventType "swiss"]
[EventRounds "6"]
[EventCountry "CAN"]
[SourceTitle "EXT 2003"]
[Source "ChessBase"]
[SourceDate "2002.11.25"]
[SourceVersion "1"]
[SourceVersionDate "2002.11.25"]
[SourceQuality "1"]

1. d4 d5 2. c4 e6 3. g3 Nf6 4. Bg2 Be7 5. Nf3 O-O 6. O-O c5 7. cxd5 Nxd5 8. Nc3 Nc7 9. Bf4 Nc6 10. dxc5 Na6 11. Qxd8 Rxd8 12. Rfd1 Bd7 13. Ne4 Bxc5 14. Nxc5 Nxc5 15. Rac1 Na6 16. Ne5 Be8 17. Nc4 Rxd1+ 18. Rxd1 Rd8 19. Rxd8 Nxd8 20. Nd6 Bc6 21. Bxc6 Nxc6 22. Nxb7 Nab4 23. a3 Nd5 24. Bd2 Kf8 25. Kf1 Ke7 26. Na5 Nd4 27. e4 Nf6 28. Be3 Nf3 29. Bxa7 Nxe4 30. h4 Kd7 31. Ke2 Ne5 32. Bd4 Kd6 33. Ke3 Kd5 34. Bxe5 Kxe5 35. Nc4+ Kd5 36. Nd2 Nd6 37. Kd3 f5 38. f4 h6 39. a4 Kc5 40. Kc3 g6 41. b4+ Kd5 42. Kd3 Nf7 43. Nc4 g5 44. hxg5 hxg5 45. Ne3+ Kc6 46. Kd4 gxf4 47. gxf4 Kd6 48. Nc4+ Kc7 49. b5 Kb7 50. Kc5 1-0

[Event "Mike Shpan mem."]
[Site "Winnipeg CAN"]
[Date "2000.12.12"]
[Round "6"]
[White "Khedkar, Jay S"]
[Black "Gibbons, Lorne"]
[Result "1-0"]
[WhiteElo "2008"]
[BlackElo "1403"]
[PlyCount "37"]
[GameId "2160767911635762"]
[EventDate "2000.11.07"]
[EventType "swiss"]
[EventRounds "6"]
[EventCountry "CAN"]
[SourceTitle "EXT 2003"]
[Source "ChessBase"]
[SourceDate "2002.11.25"]
[SourceVersion "1"]
[SourceVersionDate "2002.11.25"]
[SourceQuality "1"]

1. e4 e5 2. f4 exf4 3. Nf3 Bc5 4. d4 Bb6 5. Bxf4 d6 6. Nbd2 Bg4 7. c3 Qf6 8. Be3 Ne7 9. Be2 h6 10. O-O O-O 11. Qe1 Qg6 12. Qg3 Bxf3 13. Qxf3 Nd7 14. Qh3 Nf6 15. Rf4 Rae8 16. Raf1 Nc6 17. R1f3 Nxe4 18. Nxe4 Rxe4 19. Bd3 1-0

[Event "Mike Shpan mem."]
[Site "Winnipeg CAN"]
[Date "2000.12.12"]
[Round "6"]
[White "Proulx, Roy"]
[Black "Schulz, Waldemar"]
[Result "0-1"]
[WhiteElo "1627"]
[BlackElo "2014"]
[PlyCount "76"]
[GameId "2160767911635764"]
[EventDate "2000.11.07"]
[EventType "swiss"]
[EventRounds "6"]
[EventCountry "CAN"]
[SourceTitle "EXT 2003"]
[Source "ChessBase"]
[SourceDate "2002.11.25"]
[SourceVersion "1"]
[SourceVersionDate "2002.11.25"]
[SourceQuality "1"]

1. d4 Nf6 2. c4 g6 3. Nc3 d5 4. cxd5 Nxd5 5. e4 Nxc3 6. bxc3 Bg7 7. Bc4 c5 8. Ne2 O-O 9. O-O Nc6 10. Be3 Qc7 11. Rc1 Rd8 12. Qd2 Na5 13. Bd3 c4 14. Bb1 e5 15. d5 b6 16. f4 exf4 17. Bxf4 Be5 18. Bxe5 Qxe5 19. Qd4 Qxd4+ 20. cxd4 Bg4 21. Nc3 Rab8 22. Rf6 Bd7 23. Rcf1 Be8 24. e5 Kg7 25. Be4 Rb7 26. d6 Bc6 27. d5 Be8 28. Bf3 a6 29. Ne4 Bb5 30. e6 c3 31. Bd1 Bxf1 32. Kxf1 Nc4 33. d7 Nd2+ 34. Nxd2 Kxf6 35. Ne4+ Ke7 36. Bf3 c2 37. exf7 c1=Q+ 38. Kf2 Rbxd7 0-1

[Event "Mike Shpan mem."]
[Site "Winnipeg CAN"]
[Date "2000.12.12"]
[Round "6"]
[White "Siegers, John"]
[Black "Trueman, Francis"]
[Result "1-0"]
[WhiteElo "1650"]
[BlackElo "1436"]
[PlyCount "86"]
[GameId "2160767911635765"]
[EventDate "2000.11.07"]
[EventType "swiss"]
[EventRounds "6"]
[EventCountry "CAN"]
[SourceTitle "EXT 2003"]
[Source "ChessBase"]
[SourceDate "2002.11.25"]
[SourceVersion "1"]
[SourceVersionDate "2002.11.25"]
[SourceQuality "1"]

1. g3 d5 2. d4 c6 3. Nc3 Nf6 4. Bg2 e6 5. a3 Be7 6. e4 O-O 7. e5 Ne8 8. Nf3 Nd7 9. h4 Qc7 10. Qd3 f6 11. exf6 Ndxf6 12. Bf4 Bd6 13. Be5 Bxe5 14. Nxe5 Nd6 15. b4 a5 16. O-O b6 17. Rab1 axb4 18. axb4 Ra3 19. Qd2 Ba6 20. Ra1 Rxa1 21. Rxa1 Bc8 22. Qc1 Nf7 23. f4 Nh5 24. Kh2 Nxe5 25. dxe5 Qe7 26. Qa3 Qf7 27. Ne2 g5 28. hxg5 Ng7 29. g4 h5 30. Bh3 hxg4 31. Bxg4 Nh5 32. Rf1 Qg6 33. Qd3 Qxd3 34. cxd3 Ng7 35. Ra1 Bb7 36. Ra7 Rf7 37. Nd4 Re7 38. Nxc6 Rd7 39. Nd8 Bc8 40. Rxd7 Bxd7 41. Nb7 d4 42. Nd6 Ba4 43. Kg3 Kh8 1-0